000 00346nam a22001457a 4500
999 _c60591
_d60591
005 20230913150905.0
008 230913s1956 gw ||||| |||| 00| 0 ger d
041 _ager
080 _a069 S-99
100 _aSzilagyi, J.
_919815
245 _aAquincum /
_cJ. Szilagyi.
264 _c1956.
300 _a166 p.:
_bill. ;
_c30 cm.
942 _2udc
_cBK